Śrīkoṣaḥ : (Record no. 67821)

MARC details
000 -LEADER
fixed length control field 00805cam a22002411 4500
001 - CONTROL NUMBER
control field sa 66001450
003 - CONTROL NUMBER IDENTIFIER
control field DLC
005 - DATE AND TIME OF LATEST TRANSACTION
control field 20260227112222.0
008 - FIXED-LENGTH DATA ELEMENTS--GENERAL INFORMATION
fixed length control field 881117s1963 ii d 000 0 hino
010 ## - LIBRARY OF CONGRESS CONTROL NUMBER
LC control number sa 66001450
035 ## - SYSTEM CONTROL NUMBER
System control number (OCoLC)18775926
040 ## - CATALOGING SOURCE
Original cataloging agency DLC
Transcribing agency NRU
Modifying agency DLC
050 00 - LIBRARY OF CONGRESS CALL NUMBER
Classification number PK927.H5
Item number S6
245 00 - TITLE STATEMENT
Title Śrīkoṣaḥ :
Remainder of title Hindī-Saṃskr̥ta koṣa.
Statement of responsibility, etc. Sampādaka, Śrīkedāranātha Śarmā.
250 ## - EDITION STATEMENT
Edition statement [1. saṃskaraṇa.]
260 ## - PUBLICATION, DISTRIBUTION, ETC.
Place of publication, distribution, etc. Vārāṇasī,
Name of publisher, distributor, etc. Caukhambā Sanskr̥ita Sīrīja Āfice,
Date of publication, distribution, etc. [1963]
300 ## - PHYSICAL DESCRIPTION
Extent 2, 2, 116 p. ;
Dimensions 18 cm.
490 1# - SERIES STATEMENT
Series statement Haridas Sanskrit series ;
Volume/sequential designation 127
500 ## - GENERAL NOTE
General note Hindi and Sanskrit.
650 #0 - SUBJECT ADDED ENTRY--TOPICAL TERM
Topical term or geographic name entry element Hindi language
General subdivision Dictionaries
-- Sanskrit.
700 1# - ADDED ENTRY--PERSONAL NAME
Personal name Śarmā, Kedāranātha,
Dates associated with a name 1914-
830 #0 - SERIES ADDED ENTRY--UNIFORM TITLE
Uniform title Haridāsa Saṃskr̥ta granthamālā ;
Volume/sequential designation 127.

No items available.

Powered by Koha